Trouve la compo : Borussia Dortmund 4 - 4 Schalke 04 - Statistiques

Statistiques générales
  • Ce quiz a été pris 43 fois
    34 depuis la dernière actualisation
  • Le résultat moyen est 19 sur 32
Statistiques - réponses
Poste Nationalité Joueur % Correct
Borussia DortmundCompo : 3 4 2 1 Borussia Dortmund
96%
Remplaçant rentré en jeu Borussia Dortmund
96%
Schalke 04Compo : 3 4 3 Schalke 04
96%
Remplaçant rentré en jeu Schalke 04
96%
Buteur Gabon Pierre-Emerick Aubameyang
93%
Milieu gauche Portugal Raphaël Guerreiro
85%
Milieu droit États-Unis Christian Pulisic
81%
Défenseur central Grèce Sokratis Papastathopoulos
81%
Milieu offensif Ukraine Andriy Yarmolenko
78%
Milieu gauche Maroc Amine Harit
70%
Défenseur central Turquie Ömer Toprak
70%
Gardien de but Allemagne Roman Weidenfeller
70%
Défenseur central Bresil Naldo
67%
Milieu central États-Unis Weston McKennie
63%
Gardien de but Allemagne Ralf Fährmann
59%
Milieu offensif Allemagne Mario Götze
56%
Milieu central Turquie Nuri Şahin
56%
Défenseur central France Benjamin Stambouli
52%
Défenseur central Serbie Matija Nastasić
52%
Milieu droit Italie Daniel Caligiuri
48%
Ailier gauche Ukraine Yevhen Konoplyanka
48%
Défenseur central France Dan-Axel Zagadou
44%
Buteur Autriche Guido Burgstaller
37%
Milieu de terrain Allemagne Gonzalo Castro
33%
Milieu central Allemagne Julian Weigl
33%
Défenseur central Allemagne Marcel Schmelzer
33%
Milieu central Allemagne Max Meyer
33%
Milieu central Allemagne Leon Goretzka
30%
Défenseur central Espagne Marc Bartra
30%
Ailier droit Argentine Franco Di Santo
26%
Défenseur central Allemagne Thilo Kehrer
26%
Milieu gauche Allemagne Bastian Oczipka
15%
Aucun quiz correspondant
Distribution des résultats
% des personnes avec chaque résultat
Percentile par nombre de réponses
Votre historique - résultats
Vous n’avez pas pris ce quiz depuis la dernière actualisation